Tratado de auditoría /
Guardado en:
| Autor Principal: | |
|---|---|
| Formato: | Libro |
| Idioma: | Spanish |
| Publicado: |
Buenos Aires :
Ediciones Contabilidad Moderna,
c1984.
|
| Edición: | 3a. ed., corr. y actualizada por el autor. |
| Materias: | |
| Etiquetas: |
Agregar Etiqueta
Sin Etiquetas, Sea el primero en etiquetar este registro!
|
| LEADER | 01158nam a22002535a 4500 | ||
|---|---|---|---|
| 001 | EAD.ead001034 | ||
| 008 | 071010s1984####ag############001#0#spa#d | ||
| 005 | 20181024154750.0 | ||
| 245 | 1 | 0 | |a Tratado de auditoría / |c [Enrique Fowler Newton]. |
| 250 | |a 3a. ed., corr. y actualizada por el autor. | ||
| 260 | |a Buenos Aires : |b Ediciones Contabilidad Moderna, |c c1984. | ||
| 300 | |a 3 v. ; |c 25 cm. | ||
| 500 | |a Incluye índices. | ||
| 100 | 1 | |a Fowler Newton, Enrique. | |
| 082 | 0 | 4 | |a 657.45 |2 21 |
| 650 | 7 | |a Auditoría. |2 unbist | |
| 650 | 7 | |a Auditores. |2 unbist | |
| 650 | 7 | |a Informes de auditoría. |2 unbist | |
| 859 | |a AR-BaBDC |b BIB. ADMINISTRACION - Libros |h 657.45 |i F829-4a3 |p b00627 |v 1 |3 Tomo I | ||
| 859 | |a AR-BaBDC |b BIB. ADMINISTRACION - Libros |h 657.45 |i F829-4a3 |p b01043 |t Ej.2 |v 1 |3 Tomo I | ||
| 859 | |a AR-BaBDC |b BIB. ADMINISTRACION - Libros |h 657.45 |i F829-4a3 |p b00628 |v 2 |3 Tomo II | ||
| 859 | |a AR-BaBDC |b BIB. ADMINISTRACION - Libros |h 657.45 |i F829-4a3 |p b01044 |t Ej.2 |v 2 |3 Tomo II | ||
| 859 | |a AR-BaBDC |b BIB. ADMINISTRACION - Libros |h 657.45 |i F829-4a3 |p b02146 |v 3 |3 Tomo III | ||
| 859 | |a AR-BaBDC |b BIB. ADMINISTRACION - Libros |h 657.45 |i F829-4a3 |p b01045 |t Ej.2 |v 3 |3 Tomo III | ||
